| 000 | 00768nam a2200229 a 4500 | ||
|---|---|---|---|
| 001 | 44658 | ||
| 003 | BD-RjUL | ||
| 005 | 20211209053909.0 | ||
| 008 | 160719b19681958bg ||||| |||| 00| 0 ben d | ||
| 020 | _c : Tk.4.50 | ||
| 035 | _a(BD-RjUL)44776 | ||
| 040 |
_aBD-RjUL _bben _cBD-RjUL |
||
| 041 | _aben | ||
| 082 |
_223 _a398.2 _bIJM 1965 |
||
| 100 |
_aইজদানী, রওশন _9136983 |
||
| 245 |
_aমোমেন শাহীর লোক-সাহিত্য / _cরওশন ইজদানী |
||
| 260 |
_aঢাকা : _bবাংলা একাডেমী, _c১৯৬৮ |
||
| 300 |
_a[৮], ১৩৮ পৃ.; _c২১ সেমি. |
||
| 650 |
_aলোক সাহিত্য _9136984 |
||
| 650 |
_aFlok Literature _9136985 |
||
| 942 |
_2ddc _cBK |
||
| 999 |
_c44658 _d44658 |
||